Phong thủy hiện đại xem bằng hình

Cuốn sách trình bày những việc không nên làm trong xây dựng, trang trí nhà cửa theo thuật phong thủy, sử dụng thuật phong thủy bằng các hình ảnh minh họa.

Saved in:
Bibliographic Details
Main Author: Trần, Di Khôi
Format: Book
Language:Undetermined
Published: Đà Nẵng Nhà xuất bản Đà Nẵng 2006
Subjects:
Tags: Add Tag
No Tags, Be the first to tag this record!
Institutions: Trung tâm Học liệu Trường Đại học Cần Thơ
LEADER 00836nam a2200205Ia 4500
001 CTU_124187
008 210402s9999 xx 000 0 und d
020 |c 40000 
082 |a 133.333 
082 |b Kh452 
100 |a Trần, Di Khôi 
245 0 |a Phong thủy hiện đại xem bằng hình 
245 0 |c Trần Di Khôi ; Saigonbook biên dịch 
260 |a Đà Nẵng 
260 |b Nhà xuất bản Đà Nẵng 
260 |c 2006 
520 |a Cuốn sách trình bày những việc không nên làm trong xây dựng, trang trí nhà cửa theo thuật phong thủy, sử dụng thuật phong thủy bằng các hình ảnh minh họa. 
650 |a Feng-shui,Geomancy,Philosophy, chinese 
904 |i Năm 
980 |a Trung tâm Học liệu Trường Đại học Cần Thơ